Catálogo
 En Linea

Laboratorio de idiomas : (Registro nro. 24636)

Detalles MARC
000 -CABECERA
campo de control de longitud fija 00760nam a2200217 a 4500
001 - NÚMERO DE CONTROL
campo de control 000025143
005 - FECHA Y HORA DE LA ÚLTIMA TRANSACCIÓN
campo de control 20200930023603.0
008 - DATOS DE LONGITUD FIJA--INFORMACIÓN GENERAL
campo de control de longitud fija 110208s1963 sp a r 000 | spa d
040 ## - FUENTE DE LA CATALOGACIÓN
Centro catalogador/agencia de origen DO-SdBNP
Lengua de catalogación spa
Centro/agencia transcriptor BNPHU
041 ## - CÓDIGO DE LENGUA
Código de lengua del texto/banda sonora o título independiente eng
Código de lengua original spa
Fuente del código Código de idioma MARC
082 ## - NÚMERO DE LA CLASIFICACIÓN DECIMAL DEWEY
Número de clasificación xxx
Número de documento/Ítem A193l
049 ## - FONDOS LOCALES (OCLC)
Fondos de biblioteca BNGR
100 1# - ENTRADA PRINCIPAL--NOMBRE DE PERSONA
Nombre de persona Adam, J. B.
9 (RLIN) 51550
240 #0 - TÍTULO UNIFORME
Título uniforme The language laboratory.
Lenguaje de la obra Español
245 10 - MENCIÓN DE TÍTULO
Título Laboratorio de idiomas :
Resto del título nuevo enfoque de la enseñanza de idiomas /
Mención de responsabilidad, etc. J. B. Adam, A. J. Shawcross; traducción Ricardo Jordana.
260 ## - PUBLICACIÓN, DISTRIBUCIÓN, ETC.
Lugar de publicación, distribución, etc. Barcelona :
Nombre del editor, distribuidor, etc. Ramon Sopena,
Fecha de publicación, distribución, etc. 1963.
300 ## - DESCRIPCIÓN FÍSICA
Extensión 208 p. :
Otras características físicas il. ;
Dimensiones 21 cm.
534 ## - NOTA SOBRE LA VERSIÓN ORIGINAL
Encabezamiento principal del original Título original :
Mención de título del original The language laboratory.
700 1# - PUNTO DE ACCESO ADICIONAL--NOMBRE DE PERSONA
Nombre de persona A. J. Shawcross.
9 (RLIN) 51551
700 1# - PUNTO DE ACCESO ADICIONAL--NOMBRE DE PERSONA
Nombre de persona Jordana, Ricardo
Término indicativo de función/relación tr.
9 (RLIN) 51552
Existencias
Estado de retiro Estado de pérdida Restricciones de uso No para préstamo Código de colección Localización permanente Ubicación/localización actual Ubicación en estantería Fecha de adquisición Número de inventario Total de préstamos Signatura topográfica completa Código de barras Fecha visto por última vez Precio válido a partir de Tipo de ítem Koha
      Excluido de préstamo Monografías: Libros y Folletos General General En catalogación 10.02.2011 LF1   xxx A193l 25143-10 25.06.2020 25.06.2020 No se presta

Con tecnología Koha